000 00424nam a22001697a 4500
003 CEME
005 20210628202359.0
008 210311b xxu||||| |||| 00| 0 eng d
020 _a0-07-000406-4
040 _c.
082 _a005.133-F ADA'F
100 _aBrainerd, W. S Adams, J. C Martin, J. T
_959654
245 _aFortran 90 handbook
260 _aNEWYORK
_bMCGRAW HILL
_c1992
300 _a740P
942 _cBK
_2ddc
999 _c569577
_d569577